Educación Cívica. Enseñanza Media

Saved in:
Bibliographic Details
Main Authors: Sandoval Precht, Francisca (Author), Basaure Daza, Ernesto C (Author)
Format: Book
Language:Spanish
Published: Santiago Santillana del Pacífico 1997
Subjects:
Tags: Add Tag
No Tags, Be the first to tag this record!

MARC

LEADER 00000nam a2200000 a 4500
001 UCH3941
003 CL-VaPUC
008 090818e19970000CL |||||||||||||||||spa|d
020 |a 9561503573 
082 0 4 |a 372.832  |b SAND  |2 21 
100 0 |a Sandoval Precht, Francisca  |e author  |9 539426 
700 0 |a Basaure Daza, Ernesto C  |e author  |9 539427 
245 1 0 |a Educación Cívica. Enseñanza Media 
300 |a 239 p 
942 |c BK 
945 |d 20090818 00:00:00  |a ccalabra 
260 |a Santiago  |b Santillana del Pacífico  |c 1997 
650 7 |a TEORIA POLITICA  |2 CL-VaPUC  |9 539428 
650 0 |a Derecho constitucional   |9 222588 
650 0 |a Poderes del estado  |9 377457 
650 0 |a Derechos humanos  |9 223025 
650 0 |a Derecho internacional  |9 255637 
650 0 |a Constitución política  |9 336925 
651 7 |a CHILE  |2 CL-VaPUC  |9 539429 
583 |a last modification  |c 20190729 04:53:00  |k Rodrigo Vera 
999 |c 335343  |d 335341